Analýza vybraných aspektov interkultúrnej komunikácie a jej miesto v globálnej spoločnosti dizertačná práca

Uložené v:
Podrobná bibliografia
Hlavný autor: Hulajová, Ľubica
Korporativný autor: Fakulta medzinárodných vzťahov EU. Katedra medzinárodných politických vzťahov
Ďalší autori: Ondrčková, Eva
Médium: Kniha
Jazyk:Slovak
Vydavateľské údaje: Bratislava 2014
Predmet:
Tagy: Pridať tag
Žiadne tagy, Buďte prvý, kto otaguje tento záznam!

MARC

LEADER 00000nbm a2200000 4500
001 0191661
005 20230302105405.0
041 0 |a slo 
044 |a SK 
245 1 0 |a Analýza vybraných aspektov interkultúrnej komunikácie a jej miesto v globálnej spoločnosti  |b dizertačná práca  |c Ľubica Hulajová ; školiteľ: Eva Ondrčková 
264 1 |a Bratislava  |c 2014 
300 |a 134 s. 
610 2 0 |a komunikácia interkultúrna 
610 2 0 |a komunikácia 
610 2 0 |a kultúra 
610 2 0 |a správanie 
610 2 0 |a spoločnosť globálna 
100 1 |a Hulajová, Ľubica 
700 1 |a Ondrčková, Eva 
710 2 |a Fakulta medzinárodných vzťahov EU. Katedra medzinárodných politických vzťahov